000 002700000a22000970004500
100 1 _aNeira, Enrique
245 1 0 _aCristianismo y movimientos socio-políticos de izquierda
300 _aVol 25, Núm 4 (1975), Páginas 55-59
773 0 _tTheologica xaveriana
942 _cANA
999 _c53105
_d53105